| 000 | 01056pam a2200229 a 4500 | ||
|---|---|---|---|
| 020 | _a0521254450 | ||
| 020 | _a0521274567 (pbk.) | ||
| 082 | 0 | 0 | _a536/.7 |
| 100 | 1 | _aAdkins, C. J. | |
| 245 | 1 | 0 | _aEquilibrium thermodynamics / |
| 250 | _a3rd ed. | ||
| 260 |
_aCambridge [Cambridgeshire] ; _aNew York : _bCambridge University Press, _c1983. |
||
| 300 |
_axiii, 285 p. : _bill. ; |
||
| 500 | _aIncludes index. | ||
| 650 | 0 | _aThermodynamic equilibrium. | |
| 856 | 4 | 2 | _uhttp://www.loc.gov/catdir/description/cam022/82023634.html |
| 856 | 4 | 1 | _uhttp://www.loc.gov/catdir/toc/cam021/82023634.html |
| 942 | _cBK | ||
| 999 |
_c28753 _d28753 |
||